00000000nam 2200000zi 4500
0019.929814
003CaOODSP
00520251204093633
006m     o  d f      
007cr mn|||||||||
008231101t20242024onca    ob   f000 0 eng d
020 |a9780660686585
040 |aCaOODSP|beng|erda|cCaOODSP
043 |an-cn---
0861 |aM4-244/2023E-PDF
24500|aCarbon Capture, Utilization and Storage Investment Tax Credit (CCUS-ITC) : |btechnical guidance document.
264 1|a[Ottawa] : |bNatural Resources Canada = Ressources naturelles Canada, |c[2024]
264 4|c©2024
300 |a1 online resource (x, 147 pages) : |billustrations (chiefly colour)
336 |atext|btxt|2rdacontent
337 |acomputer|bc|2rdamedia
338 |aonline resource|bcr|2rdacarrier
500 |aIssued also in French under title : Document technique sur le Crédit d'impôt à l'investissement pour le captage, l'utilisation et le stockage du carbone (CUSC-CII) : document technique.
504 |aIncludes bibliographical references.
650 0|aCarbon sequestration|zCanada.
650 0|aTax credits|zCanada.
7101 |aCanada. |bNatural Resources Canada, |eissuing body.
77508|tDocument technique sur le Crédit d'impôt à l'investissement pour le captage, l'utilisation et le stockage du carbone (CUSC-CII) : |w(CaOODSP)9.929816
794 |tCarbon Capture, Utilization and Storage Investment Tax Credit (CCUS-ITC) : |w(CaOODSP)9.957960
85640|qPDF|s4.20 MB|uhttps://publications.gc.ca/collections/collection_2024/rncan-nrcan/M4-244-2023-eng.pdf